| 000 | 00638nam a2200217Ia 4500 | ||
|---|---|---|---|
| 008 | 160517s9999 xx 000 0 und d | ||
| 050 | _aTR 897.5 | ||
| 050 | _b.V834 2015 | ||
| 100 | _aVistan, Katrina Mae M. | ||
| 245 | 2 | _aA comparative analysis of foreign animated series and their effects on filipino chilidren / | |
| 245 | _cKatrina Mae M. Vistan. | ||
| 260 | _aLas PiƱas, Philippines : | ||
| 260 | _bSISC, | ||
| 260 | _c2016. | ||
| 300 | _a85 pages : | ||
| 300 | _billustrations ; | ||
| 300 | _c28 cm. | ||
| 500 | _aIncludes bibliographical references and appendices. | ||
| 521 | _aMass Communication | ||
| 942 | _cTH | ||
| 999 |
_c293898 _d293898 |
||